000 00428nam a22001217a 4500
082 _aTHE 200
100 _aSARA NASIR
_972627
245 _aTH-SOF-0957-FORMATION OF CYBER SECURE ECOSYSTEM BY ESTABLISHING FRAMEWORK FOR NATIONAL COMPUTER EMERGENCY RESPONSE TEAM PK-CERT IN PAKISTAN
260 _aNUST COLLEGE OF EME
_bISLAMABAD
_c2001
650 _a MS-EM-7 MSTHESIS
_969831
700 _aDR SHOAB AHMED KHAN
_916053
942 _cCF
999 _c578622
_d578622